| 000 | 00909cam a2200205 4500 | ||
|---|---|---|---|
| 001 | WB3824-04 | ||
| 008 | 020702n2002 000 0 eng u | ||
| 035 | _a(Sirsi) u118652 | ||
| 245 | _aHelp for small businesses | ||
| 260 | _c2002 | ||
| 490 |
_aDTI Press Release _v(2002/411) 1 July 2002, (2) |
||
| 520 | _aThe Small Business Service has publised a new guidance pack to help small and medium-sized businesses (SMEs) gain access to European funding. "Access to EU funding" covers nine categories and explains the different loans and grants available in Europe, with contact details. The guidance pack is available from Business Link, t +44 (0)870 150 2500 (quoting URN 02/324) or from www.businesslink.org. | ||
| 590 | _aWB | ||
| 650 | _aSMALL BUSINESSES | ||
| 650 | _aSMES | ||
| 650 | _aEU FUNDING | ||
| 650 | _aSMALL BUSINESS SERVICE | ||
| 690 | _aMANAGEMENT-BUSINESS MANAGEMENT | ||
| 942 | _n0 | ||
| 999 |
_c70658 _d70658 |
||